| 000 | 00814nam a2200253 i 4500 | ||
|---|---|---|---|
| 001 | 000007372 | ||
| 003 | DO-SdBNP | ||
| 005 | 20230829151021.0 | ||
| 007 | ta | ||
| 008 | 090908s1994 dr a 000 0 spa d | ||
| 040 |
_aDO-SdBNP _bspa _cBNPHU _erda |
||
| 082 | 4 |
_a624.15136 _bP418m _222 |
|
| 100 | 1 |
_aPenson, Enríque, _9188 _eautor |
|
| 245 | 1 | 0 |
_aCátedras de mecánica de suelos I / _cEnríque Penson. |
| 264 |
_aSanto Domingo : _bUniversidad Nacional Pedro Henríquez Ureña, _c1994. |
||
| 300 |
_a506 páginas : _bilustraciones ; _c28 cm. |
||
| 336 |
_2rdacontent _atexto _btxt |
||
| 337 |
_2rdamedia _asin mediación _bnc |
||
| 338 |
_2rdacarrier _avolumen _bn |
||
| 590 | _aInventariado,2018/DG | ||
| 650 | 4 |
_aMecánica de suelos _920502 |
|
| 910 | _aValidado. Control de calidad. MMOLINA | ||
| 942 |
_2ddc _cLBS1 |
||
| 999 |
_c7153 _d7153 |
||